পরিসংখ্যান পরিচিতি / (Record no. 38070)
[ view plain ]
| 000 -LEADER | |
|---|---|
| fixed length control field | 01076nam a2200253 a 4500 |
| 001 - CONTROL NUMBER | |
| control field | 38070 |
| 003 - CONTROL NUMBER IDENTIFIER | |
| rucl marc code | BD-RjUL |
| 005 - DATE AND TIME OF LATEST TRANSACTION | |
| control field | 20211209052721.0 |
| 008 - FIXED-LENGTH DATA ELEMENTS--GENERAL INFORMATION | |
| fixed length control field | 160808s1979 bg ad||| b|s| 001 0 ben d |
| 035 ## - SYSTEM CONTROL NUMBER | |
| System control number | (BD-RjUL)38175 |
| 040 ## - CATALOGING SOURCE | |
| Original cataloging agency | BD-RjUL |
| Language of cataloging | eng |
| Transcribing agency | BD-RjUL |
| Modifying agency | BD-RjUL |
| 041 ## - LANGUAGE CODE | |
| Language code of text/sound track or separate title | ben |
| 082 ## - DEWEY DECIMAL CLASSIFICATION NUMBER | |
| Classification number | 519.5 |
| Author mark and year | MIP 1979 |
| 100 ## - MAIN ENTRY--PERSONAL NAME | |
| Personal name | মিঞা, মুহাম্মদ আলী |
| 9 (RLIN) | 117860 |
| 245 10 - TITLE STATEMENT | |
| Title | পরিসংখ্যান পরিচিতি / |
| Statement of responsibility, etc. | মুহাম্মদ আলী মিঞা, মো: আলিমউল্যা মিয়ান |
| 250 ## - EDITION STATEMENT | |
| Edition statement | ৩য় সং. |
| 260 ## - PUBLICATION, DISTRIBUTION, ETC. (IMPRINT) | |
| Place of publication, distribution, etc. | ঢাকা : |
| Name of publisher, distributor, etc. | আইডিয়াল লাইব্রেরী, |
| Date of publication, distribution, etc. | ১৯৭৯ |
| 300 ## - PHYSICAL DESCRIPTION | |
| Pagination | ১৫, ৮৩২ পৃ. : |
| Illustrations | চিত্র ; |
| Size | ২০ সেমি. |
| 504 ## - BIBLIOGRAPHY, ETC. NOTE | |
| Bibliography, etc | গ্রন্থপঞ্জী ও নির্ঘন্ট সংযুক্ত । |
| 650 ## - SUBJECT ADDED ENTRY--TOPICAL TERM | |
| Topical term or geographic name as entry element | পরিসংখ্যান |
| 9 (RLIN) | 117077 |
| Topical term or geographic name as entry element | Statistics |
| 9 (RLIN) | 117861 |
| 700 ## - ADDED ENTRY--PERSONAL NAME | |
| Personal name | মিয়ান, মো: আলিমউল্যা |
| 942 ## - ADDED ENTRY ELEMENTS (KOHA) | |
| Source of classification or shelving scheme | Dewey Decimal Classification |
| Koha item type | Books |
| Lost status | Source of classification or shelving scheme | Damaged status | Not for loan | Collection code | Permanent Location | Current Location | Shelving location | Date acquired | Source of acquisition | Cost, normal purchase price | Total Checkouts | Full call number | Date last seen | Copy number | Koha item type | Date checked out |
|---|---|---|---|---|---|---|---|---|---|---|---|---|---|---|---|---|
| Dewey Decimal Classification | Non-fiction | Central Library, University of Rajshahi | Central Library, University of Rajshahi | 09/06/1983 | Dhaka, Ideal library | 80.00 | B 519.5 MIP 1979 | 06/09/2015 | C-2 | Books | ||||||
| Dewey Decimal Classification | Non-fiction | Central Library, University of Rajshahi | Central Library, University of Rajshahi | 09/06/1983 | Ideal Library, Dhaka | 80.00 | B 519.5 MIP 1979 | 20/04/2016 | C-3 | Books | ||||||
| Dewey Decimal Classification | Non-fiction | Central Library, University of Rajshahi | Central Library, University of Rajshahi | 09/06/1983 | Ideal Library, Dhaka | 80.00 | B 519.5 MIP 1979 | 17/07/2016 | C-4 | Books | ||||||
| Dewey Decimal Classification | Non-fiction | Central Library, University of Rajshahi | Central Library, University of Rajshahi | 13/07/1983 | Ideal Library, Dhaka. | 80.00 | 2 | B 519.5 MIP 1979 | 31/10/2021 | C-5 | Books | 28/10/2021 | ||||
| Dewey Decimal Classification | Non-fiction | Central Library, University of Rajshahi | Central Library, University of Rajshahi | 30/06/1981 | Rajshahi | 60.00 | B 519.5 MIP 1979 | 07/08/2016 | C-6 | Books | ||||||
| Dewey Decimal Classification | Non-fiction | Central Library, University of Rajshahi | Central Library, University of Rajshahi | 30/06/1981 | Uro book , Rajshahi | 60.00 | B 519.5 MIP 1979 | 07/08/2016 | C-7 | Books | ||||||
| Dewey Decimal Classification | Non-fiction | Central Library, University of Rajshahi | Central Library, University of Rajshahi | 17/07/1983 | Idial library, Dhaka | 80.00 | B 519.5 MIP 1979 | 07/08/2016 | C-8 | Books | ||||||
| Dewey Decimal Classification | Non-fiction | Central Library, University of Rajshahi | Central Library, University of Rajshahi | 17/07/1983 | Ideal Library, Dhaka. | 80.00 | B 519.5 MIP 1979 | 07/08/2016 | C-9 | Books | ||||||
| Dewey Decimal Classification | Non-fiction | Central Library, University of Rajshahi | Central Library, University of Rajshahi | 30/06/1981 | Youreka book agency, Rajshahi. | 60.00 | B 519.5 MIP 1979 | 20/09/2016 | C-10 | Books | ||||||
| Dewey Decimal Classification | Not For Loan | Non-fiction | Central Library, University of Rajshahi | Central Library, University of Rajshahi | Reading Room | 05/07/1983 | Ideal Library, Dhaka. | 80.00 | B 519.5 MIP 1979 | 27/04/2017 | C-1 | Books |